| 000 | 004310000a22001810004500 | ||
|---|---|---|---|
| 003 | MACL | ||
| 005 | 20151023105235.0 | ||
| 008 | 151023b xxu||||| |||| 00| 0 eng d | ||
| 040 |
_aMACL _cMACL |
||
| 041 | _aEnglish | ||
| 082 | _a954/DAS | ||
| 100 |
_aDas, S.K. _9489 |
||
| 245 | _aChanging Image Of India | ||
| 260 |
_bAbhinav Publications _c1977 _aNew Delhi |
||
| 350 | _a30 | ||
| 650 |
_aHistory _916336 |
||
| 942 |
_cBK _k954 _2ddc |
||
| 999 |
_c5656 _d5656 |
||